South Eastern Kenya University

Library Online Public Access Catalogue


Statistics : (Record no. 10308)

MARC details
000 -LEADER
fixed length control field 00471cam a2200157 a 4500
020 ## - ISBN
International Standard Book Number 0534228968 (hc : acidâ‚‹free paper)
050 00 - LIBRARY OF CONGRESS CALL NUMBER
Classification Number QA276
Item Number .D48 1997
100 1# - MAIN ENTRY--Author
Personal name Devore, Jay L.
245 10 - TITLE
Title Statistics :
Remainder of title the exploration and analysis of data /
Statement of responsibility, etc Jay Devore, Roxy Peck.
250 ## - EDITIONSTATEMENT
Edition statement 3rd ed.
260 ## - PUBLICATION, DISTRIBUTION, ETC.(IMPRINT)
Place of publication, distribution, etc Belmont, CA :
Name of publisher, distributor, etc Duxbury Press,
Date of publication, distribution, etc c1997.
300 ## - PHYSICAL DESCRIPTION
Extent xii, 641 p. :
500 ## - GENERALNOTE
General note "An Alexander Kuguslev book."
700 1# - ADDED ENTRY--PERSONAL AUTHOR
Personal Name Peck, Roxy.
942 ## - ADDED ENTRY ELEMENTS(KOHA)
Source of classification or shelving scheme Library of Congress Classification
Koha item type General circulation
Holdings
Source of classification or shelving scheme Not for loan Location (home branch) Sublocation (holding branch) Shelving location Date accessioned Full call number Barcode Koha item type Public note
Library of Congress Classification   Mtito Andei Centre Library Mtito Andei Centre Library   03/02/2016 QA276 .D48 1997 2015/009225 General circulation amm
Kitui, Kenya.
+254736116989
library@seku.ac.ke